The psychoanalysis of money /
Uloženo v:
| Další autoři: | |
|---|---|
| Médium: | Neznámo |
| Jazyk: | Spanish English |
| Vydáno: |
New York :
Urizen Books,
1976.
|
| Témata: | |
| Tagy: |
Přidat tag
Žádné tagy, Buďte první, kdo vytvoří štítek k tomuto záznamu!
|
MARC
| LEADER | 000000000a22000000004500 | ||
|---|---|---|---|
| 001 | 013049 | ||
| 008 | 180207b xxu||||| |||| 00| 0 spa d | ||
| 020 | |a 0916354024 | ||
| 041 | 0 | |a eng | |
| 082 | 0 | 4 | |a 332.401 |b B736p |
| 245 | 0 | 4 | |a The psychoanalysis of money / |c Ernest Borneman, compilador. |
| 260 | 1 | |a New York : |b Urizen Books, |c 1976. | |
| 300 | |a 364 páginas | ||
| 500 | |a Colección George Yúdice | ||
| 650 | 4 | |a DINERO | |
| 650 | 4 | |a ASPECTOS PSICOLOGICOS | |
| 650 | 4 | |a PSICOANALISIS | |
| 700 | 1 | |a Borneman, Ernest, |d 1915- |e compilador | |
| 942 | |c BK |2 ddc | ||
| 999 | |c 18992 |d 18992 | ||



